| 000 | 00800nas a2200277 4500 | ||
|---|---|---|---|
| 001 | BR2010000142 | ||
| 003 | BR-BrBNA | ||
| 005 | 20231205113814.0 | ||
| 007 | ta | ||
| 008 | 230509b bl.|||p| |||| 00| 00por d | ||
| 040 |
_aBR-BrBNA _bpor _cBiblioteca Nacional de Agricultura |
||
| 041 | _a(Pt) | ||
| 072 | _aF02 | ||
| 100 | 1 | _aPereira, E.W.L. | |
| 100 | 1 | _aRibeiro, M.C.C. | |
| 100 | 1 | _aSouza, J. de O. | |
| 100 | 1 | _aLinhares, P.C.F. | |
| 100 | 1 | _aNunes, G.H. de S. | |
| 245 | 1 | _aSuperação de dormência em sementes de jitirana (Merremia aegyptia L.) | |
| 650 | _aCENTROSEMA | ||
| 650 | _aSEMENTE | ||
| 650 | _aDORMENCIA | ||
| 773 | 0 |
_tCaatinga (Brazil) _xISSN 0100-316X _g(2007), v. 20(2) p. 59-62 _wBR2010000142 |
|
| 909 |
_a202311 _bLúcia _c55 _dLúcia Elande |
||
| 942 |
_2AGRIS _n0 _cANA |
||
| 999 |
_c205715 _d205715 |
||